[Event "SVK-chT3A2 2223"]
[Site "Slovakia"]
[Date "2023.03.05"]
[Round "8.4"]
[White "Cechovic, Stefan"]
[Black "Kubis, Ivan"]
[Result "1-0"]
[WhiteElo "2075"]
[BlackElo "1845"]
[PlyCount "117"]
[EventDate "2022.10.16"]
[EventType "team-tourn"]
[EventRounds "9"]
[EventCountry "SVK"]
[SourceTitle "EXT 2024"]
[Source "ChessBase"]
[SourceDate "2023.10.10"]
[SourceVersion "1"]
[SourceVersionDate "2023.10.10"]
[SourceQuality "1"]
[WhiteTeam "Cifer II"]
[BlackTeam "Holic"]
[WhiteTeamCountry "SVK"]
[BlackTeamCountry "SVK"]

1. Nf3 Nf6 2. g3 e6 3. Bg2 d5 4. d4 Be7 5. 0-0 0-0 6. c4 dxc4 7. Ne5 Nc6 8. Bxc6 bxc6 9. Nxc6 Qe8 10. Ne5 Bb7 11. Nd2 c5 12. Ndxc4 Rd8 13. e3 Nd5 14. Bd2 f6 15. Nd3 cxd4 16. exd4 Nb6 17. Na5 Ba8 18. Bc3 Qd7 19. Nf4 g5 20. Ne2 Qd5 21. f3 Qf5 22. Qb1 Qh3 23. Rf2 Nd5 24. Qf1 Qh5 25. Bd2 Rc8 26. Rc1 e5 27. Nb3 Rxc1 28. Qxc1 Kh8 29. g4 Qg6 30. Ng3 Nf4 31. Bxf4 gxf4 32. Nf5 Bd8 33. Kg2 Bb6 34. h3 h5 35. Kh2 hxg4 36. fxg4 Be4 37. Nd6 Bd5 38. Nf5 Be6 39. Qc2 Qh7 40. Qe4 Bxf5 41. Qxf5 Qxf5 42. gxf5 a5 43. Rd2 a4 44. Nc5 Bxc5 45. dxc5 Rc8 46. Rc2 Kg7 47. Kg2 Kh6 48. Kf3 Kg5 49. Ke4 f3 50. Kxf3 Kxf5 51. c6 Rc7 52. b4 axb3 53. axb3 Ke6 54. b4 f5 55. b5 Kd6 56. h4 Kd5 57. b6 Rxc6 58. Rxc6 Kxc6 59. h5 1-0

[Event "SVK-chT2A 2223"]
[Site "Slovakia"]
[Date "2022.11.27"]
[Round "6.5"]
[White "Cechovic, Stefan"]
[Black "Kapolkova, Greta"]
[Result "1-0"]
[WhiteElo "2076"]
[BlackElo "1665"]
[PlyCount "119"]
[EventDate "2022.10.08"]
[EventType "team-tourn"]
[EventRounds "11"]
[EventCountry "SVK"]
[SourceTitle "EXT 2024"]
[Source "ChessBase"]
[SourceDate "2023.10.10"]
[SourceVersion "1"]
[SourceVersionDate "2023.10.10"]
[SourceQuality "1"]
[WhiteTeam "Cifer"]
[BlackTeam "Modra II"]
[WhiteTeamCountry "SVK"]
[BlackTeamCountry "SVK"]

1. Nf3 Nf6 2. g3 g6 3. Bg2 Bg7 4. 0-0 0-0 5. d4 d5 6. c4 e6 7. b3 b6 8. Bb2 Nbd7 9. cxd5 exd5 10. Nc3 Bb7 11. Rc1 a6 12. Qc2 Re8 13. e3 Nf8 14. Na4 Rc8 15. Bh3 Ne6 16. Ne5 Nd7 17. f4 f5 18. g4 fxg4 19. Bxg4 Nf6 20. Bh3 Ne4 21. Qg2 Bxe5 22. dxe5 Kh8 23. Bg4 Qe7 24. Qh3 b5 25. Bxe6 Qxe6 26. Qxe6 Rxe6 27. Nc5 Nxc5 28. Rxc5 c6 29. Kf2 Rf8 30. Kg3 Kg8 31. Re1 Rd8 32. Bd4 Kf7 33. h4 Re7 34. Rh1 h5 35. Rhc1 Red7 36. Rxc6 Bxc6 37. Rxc6 Re7 38. Rf6+ Kg7 39. Rxa6 Rde8 40. Rd6 Kf7 41. Rxd5 Ra8 42. Rxb5 Rxa2 43. Rb6 Re6 44. Rb8 Rc6 45. b4 Ke6 46. Bc5 Rb2 47. Rg8 Kf5 48. Kf3 Rb3 49. Rf8+ Ke6 50. Ke4 Rb1 51. Rf6+ Kd7 52. Rf7+ Ke8 53. Re7+ Kd8 54. Ra7 Rd1 55. Bd4 Rd2 56. b5 Rc4 57. b6 Rb4 58. Rg7 Rg2 59. Kd5 Rb1 60. e6 1-0

[Event "SVK-chT3A2 1819"]
[Site "Slovakia"]
[Date "2018.12.09"]
[Round "5.6"]
[White "Jakubec, Milan"]
[Black "Cechovic, Stefan"]
[Result "1/2-1/2"]
[WhiteElo "2021"]
[BlackElo "2111"]
[PlyCount "60"]
[EventDate "2018.10.07"]
[EventType "team-tourn"]
[EventRounds "11"]
[EventCountry "SVK"]
[SourceTitle "EXT 2020"]
[Source "ChessBase"]
[SourceDate "2019.10.17"]
[SourceVersion "1"]
[SourceVersionDate "2019.10.17"]
[SourceQuality "1"]
[WhiteTeam "Holic"]
[BlackTeam "Cifer"]
[WhiteTeamCountry "SVK"]
[BlackTeamCountry "SVK"]

1. e4 c6 2. d4 d6 3. c4 Nf6 4. Nc3 Nbd7 5. Nf3 e5 6. Bd3 Qc7 7. d5 c5 8. Nh4 h6 9. g3 g6 10. f4 Bg7 11. f5 g5 12. Ng2 Nf8 13. h4 gxh4 14. Rxh4 Qe7 15. a4 Bd7 16. a5 a6 17. Na4 Bxa4 18. Qxa4+ N8d7 19. Be3 Ng8 20. b4 cxb4 21. Rb1 0-0-0 22. Qxb4 Nc5 23. Bxc5 dxc5 24. Qb6 Qc7 25. Qa7 Qxa5+ 26. Ke2 Qc7 27. Rb3 Bf8 28. Rh1 Qb8 29. Qb6 Qc7 30. Qa7 Qb8 1/2-1/2

[Event "SVK-chT3A2 1617"]
[Site "Slovakia"]
[Date "2017.02.05"]
[Round "8.6"]
[White "Sefcik, Marek"]
[Black "Cechovic, Stefan"]
[Result "1/2-1/2"]
[WhiteElo "2032"]
[BlackElo "2137"]
[PlyCount "20"]
[EventDate "2016.10.16"]
[EventType "team-tourn"]
[EventRounds "11"]
[EventCountry "SVK"]
[SourceTitle "EXT 2020"]
[Source "ChessBase"]
[SourceDate "2019.10.17"]
[SourceVersion "1"]
[SourceVersionDate "2019.10.17"]
[SourceQuality "1"]
[WhiteTeam "Holic"]
[BlackTeam "Cifer"]
[WhiteTeamCountry "SVK"]
[BlackTeamCountry "SVK"]

1. c4 g6 2. Nc3 Bg7 3. g3 e5 4. Bg2 Ne7 5. d3 0-0 6. e3 d6 7. Nge2 Nd7 8. Rb1 f5 9. b4 Nf6 10. Nd5 c6 1/2-1/2

[Event "SVK-chT3A2 1314"]
[Site "Slovakia"]
[Date "2013.11.10"]
[Round "3.4"]
[White "Cechovic, Stefan"]
[Black "Kolenak, Matus"]
[Result "1-0"]
[WhiteElo "2140"]
[BlackElo "1949"]
[PlyCount "105"]
[EventDate "2013.10.13"]
[EventType "team-tourn"]
[EventRounds "11"]
[EventCountry "SVK"]
[SourceTitle "EXT 2015"]
[Source "ChessBase"]
[SourceDate "2014.11.20"]
[SourceVersion "1"]
[SourceVersionDate "2014.11.20"]
[SourceQuality "1"]
[WhiteTeam "Cifer"]
[BlackTeam "Trnava Lokomotiva III"]
[WhiteTeamCountry "SVK"]
[BlackTeamCountry "SVK"]

1. Nf3 Nf6 2. b3 d5 3. Bb2 e6 4. e3 Bd6 5. d4 0-0 6. Bd3 b6 7. c4 c5 8. 0-0 Nbd7 9. Nc3 Bb7 10. Rc1 Rc8 11. Qe2 Ne4 12. Rfd1 Qe7 13. cxd5 exd5 14. Ba6 Ndf6 15. dxc5 Rxc5 16. Nxe4 Nxe4 17. Bxb7 Qxb7 18. Bd4 Rxc1 19. Rxc1 Rc8 20. Qb2 Rxc1+ 21. Qxc1 Qc7 22. Qxc7 Bxc7 23. Kf1 f6 24. Ke2 Kf7 25. h3 Ke6 26. Ne1 Be5 27. Nc2 g6 28. f3 Ng3+ 29. Kd3 Nf5 30. g4 Nh4 31. f4 Bd6 32. Bc3 Nf3 33. Ke2 Nh4 34. Be1 Ng2 35. Bf2 g5 36. Kf3 Nh4+ 37. Bxh4 gxh4 38. Nd4+ Kd7 39. Nf5 Kc6 40. Ke2 Bc5 41. Nxh4 Kb5 42. Nf5 Kb4 43. Kd3 Ka3 44. g5 Kxa2 45. Kc2 a5 46. gxf6 b5 47. f7 a4 48. bxa4 b4 49. Nd4 Bxd4 50. f8Q b3+ 51. Kd2 b2 52. Qb4 Bf6 53. Kc2 1-0

[Event "SVK-chT3A2 1213"]
[Site "Slovakia"]
[Date "2012.11.18"]
[Round "4.2"]
[White "Cechovic, Stefan"]
[Black "Ambros, Rafael"]
[Result "0-1"]
[WhiteElo "2169"]
[BlackElo "1997"]
[PlyCount "42"]
[EventDate "2012.10.07"]
[EventType "team-tourn"]
[EventRounds "11"]
[EventCountry "SVK"]
[SourceTitle "EXT 2015"]
[Source "ChessBase"]
[SourceDate "2014.11.20"]
[SourceVersion "1"]
[SourceVersionDate "2014.11.20"]
[SourceQuality "1"]
[WhiteTeam "Cifer"]
[BlackTeam "Gbely Nafta"]
[WhiteTeamCountry "SVK"]
[BlackTeamCountry "SVK"]

1. c4 Nf6 2. g3 g6 3. Bg2 Bg7 4. Nf3 0-0 5. 0-0 d6 6. d4 c6 7. Nc3 Nbd7 8. Qc2 Qc7 9. b3 e5 10. Rd1 Re8 11. dxe5 dxe5 12. e4 Nf8 13. Ba3 Bg4 14. h3 Bxf3 15. Bxf3 Rad8 16. Rxd8 Rxd8 17. Rd1 Ne6 18. Rxd8+ Qxd8 19. Bg2 Nd4 20. Qd3 Qa5 21. Bc1 Qxc3 0-1

[Event "SVK-chT3A2 1011"]
[Site "Slovakia"]
[Date "2011.04.03"]
[Round "11.2"]
[White "Cechovic, Stefan"]
[Black "Sefcik, Marek"]
[Result "1/2-1/2"]
[WhiteElo "2190"]
[BlackElo "2025"]
[PlyCount "48"]
[EventDate "2010.10.17"]
[EventType "team-tourn"]
[EventRounds "11"]
[EventCountry "SVK"]
[SourceTitle "EXT 2019"]
[Source "ChessBase"]
[SourceDate "2018.10.10"]
[SourceVersion "1"]
[SourceVersionDate "2018.10.10"]
[SourceQuality "1"]
[WhiteTeam "Cífer"]
[BlackTeam "Holic"]
[WhiteTeamCountry "SVK"]
[BlackTeamCountry "SVK"]

1. Nf3 f5 2. c4 Nf6 3. Nc3 e6 4. d4 d5 5. e3 c6 6. Qc2 Bd6 7. g3 0-0 8. c5 Bc7 9. b4 a6 10. Bb2 Ne4 11. Ne5 Nd7 12. f4 Nxe5 13. dxe5 Nxc3 14. Bxc3 Bd7 15. Be2 Be8 16. a4 g6 17. a5 Qe7 18. 0-0-0 Rf7 19. g4 Rg7 20. Rdg1 Rd8 21. Rg2 Rd7 22. Rhg1 Qf8 23. Qd1 Bd8 24. g5 Kf7 1/2-1/2

[Event "SVK-chT3A2 1011"]
[Site "Slovakia"]
[Date "2011.02.27"]
[Round "9.2"]
[White "Cechovic, Stefan"]
[Black "Manak, Adrian"]
[Result "1/2-1/2"]
[WhiteElo "2190"]
[BlackElo "1909"]
[PlyCount "101"]
[EventDate "2010.10.17"]
[EventType "team-tourn"]
[EventRounds "11"]
[EventCountry "SVK"]
[SourceTitle "EXT 2019"]
[Source "ChessBase"]
[SourceDate "2018.10.10"]
[SourceVersion "1"]
[SourceVersionDate "2018.10.10"]
[SourceQuality "1"]
[WhiteTeam "Cífer"]
[BlackTeam "Piestany Kupele II"]
[WhiteTeamCountry "SVK"]
[BlackTeamCountry "SVK"]

1. Nf3 d5 2. d4 Nf6 3. g3 Bf5 4. Bg2 e6 5. 0-0 h6 6. c4 c6 7. Nc3 Be7 8. Nd2 Qb6 9. c5 Qc7 10. b4 Nbd7 11. Nb3 e5 12. dxe5 Nxe5 13. Nd4 Bg6 14. Bh3 a5 15. Qb3 Nfd7 16. Bxd7+ Nxd7 17. Bf4 Qd8 18. a3 0-0 19. Rfd1 axb4 20. axb4 Rxa1 21. Rxa1 Bf6 22. e3 Ne5 23. Bxe5 Bxe5 24. Qd1 Qd7 25. Ra7 Rb8 26. b5 cxb5 27. Ncxb5 Qc8 28. Qc1 Bd3 29. f4 Bxd4 30. Nxd4 Bc4 31. Qb2 Qxc5 32. Rxb7 Rxb7 33. Qxb7 Bd3 34. Qc6 Qa5 35. Qc1 Qa2 36. Qe1 Be4 37. Ne2 Qb2 38. h3 h5 39. Kf2 Bf5 40. Kg2 Be4+ 41. Kf2 Qc2 42. Qc3 Qd1 43. Qe1 Qb3 44. Qc3 Qb1 45. Qc1 Qb7 46. Nd4 Qa6 47. Qd1 g6 48. g4 Qc8 49. Kg3 hxg4 50. hxg4 Kg7 51. Ne2 1/2-1/2

[Event "SVK-chT3A2 1011"]
[Site "Slovakia"]
[Date "2011.02.13"]
[Round "8.2"]
[White "Cechovic, Stefan"]
[Black "Kozinka, Roman"]
[Result "1/2-1/2"]
[WhiteElo "2190"]
[BlackElo "2049"]
[PlyCount "27"]
[EventDate "2010.10.17"]
[EventType "team-tourn"]
[EventRounds "11"]
[EventCountry "SVK"]
[SourceTitle "EXT 2019"]
[Source "ChessBase"]
[SourceDate "2018.10.10"]
[SourceVersion "1"]
[SourceVersionDate "2018.10.10"]
[SourceQuality "1"]
[WhiteTeam "Cífer"]
[BlackTeam "Trnava Modranka"]
[WhiteTeamCountry "SVK"]
[BlackTeamCountry "SVK"]

1. Nf3 Nf6 2. c4 e6 3. d4 b6 4. Nc3 Bb7 5. Bg5 Be7 6. e3 0-0 7. Bd3 d5 8. 0-0 Nbd7 9. cxd5 Nxd5 10. Bxe7 Qxe7 11. Nxd5 Bxd5 12. e4 Bb7 13. Qe2 c5 14. Rac1 1/2-1/2

[Event "SVK-chT3A2 1011"]
[Site "Slovakia"]
[Date "2011.01.30"]
[Round "7.2"]
[White "Meszaros, Lorant"]
[Black "Cechovic, Stefan"]
[Result "1/2-1/2"]
[WhiteElo "2076"]
[BlackElo "2190"]
[PlyCount "56"]
[EventDate "2010.10.17"]
[EventType "team-tourn"]
[EventRounds "11"]
[EventCountry "SVK"]
[SourceTitle "EXT 2012"]
[Source "ChessBase"]
[SourceDate "2011.11.24"]
[SourceVersion "1"]
[SourceVersionDate "2011.11.24"]
[SourceQuality "1"]
[WhiteTeam "Potonska Veza"]
[BlackTeam "Cífer"]
[WhiteTeamCountry "SVK"]
[BlackTeamCountry "SVK"]

1. d4 Nf6 2. Nf3 d6 3. c4 c6 4. Nc3 Bg4 5. e4 Nbd7 6. h3 Bxf3 7. Qxf3 e5 8. d5 c5 9. g4 a6 10. Be2 h6 11. h4 Be7 12. g5 hxg5 13. hxg5 Rxh1+ 14. Qxh1 Ng8 15. Qh7 Kf8 16. Qf5 g6 17. Qg4 Kg7 18. Bd2 f6 19. gxf6+ Ngxf6 20. Qg2 Nh7 21. 0-0-0 Bg5 22. Rg1 Bxd2+ 23. Kxd2 Qf6 24. Nd1 Rh8 25. Ne3 Kf7 26. Rh1 Nhf8 27. Rxh8 Qxh8 28. Bg4 Qh6 1/2-1/2

[Event "SVK-chT3A2 1011"]
[Site "Slovakia"]
[Date "2011.01.16"]
[Round "6.2"]
[White "Cechovic, Stefan"]
[Black "Merva, Frantisek"]
[Result "1/2-1/2"]
[WhiteElo "2190"]
[BlackElo "2038"]
[PlyCount "80"]
[EventDate "2010.10.17"]
[EventType "team-tourn"]
[EventRounds "11"]
[EventCountry "SVK"]
[SourceTitle "EXT 2012"]
[Source "ChessBase"]
[SourceDate "2011.11.24"]
[SourceVersion "1"]
[SourceVersionDate "2011.11.24"]
[SourceQuality "1"]
[WhiteTeam "Cífer"]
[BlackTeam "Dunajska Streda SK III"]
[WhiteTeamCountry "SVK"]
[BlackTeamCountry "SVK"]

1. e4 e5 2. Nc3 Nf6 3. g3 d5 4. exd5 Nxd5 5. Bg2 Nb6 6. d3 Be7 7. Nf3 Nc6 8. Be3 0-0 9. Qd2 Re8 10. a3 Bf8 11. 0-0 Nd4 12. Bxd4 exd4 13. Ne2 c5 14. Rae1 Bd6 15. c3 dxc3 16. Nxc3 Be6 17. Ng5 Bc8 18. Rxe8+ Qxe8 19. Re1 Qd8 20. Qe3 h6 21. Nge4 Bf5 22. Nxd6 Qxd6 23. Bxb7 Rb8 24. Be4 Be6 25. Rc1 f5 26. Bf3 Bd7 27. Ne2 Rc8 28. d4 Re8 29. Qb3+ c4 30. Qc2 Be6 31. Rd1 Rc8 32. Nf4 Bd7 33. d5 c3 34. Rc1 cxb2 35. Qxb2 Rxc1+ 36. Qxc1 g5 37. Nd3 Nxd5 38. Qc4 Be6 39. Bxd5 Bxd5 40. Qc8+ Qf8 1/2-1/2

[Event "SVK-chT3A2 0910"]
[Site "Slovakia"]
[Date "2010.03.28"]
[Round "11.2"]
[White "Cechovic, Stefan"]
[Black "Kovarik, Otto"]
[Result "1-0"]
[WhiteElo "2181"]
[BlackElo "2053"]
[PlyCount "83"]
[EventDate "2009.10.18"]
[EventType "team-tourn"]
[EventRounds "11"]
[EventCountry "SVK"]
[SourceTitle "EXT 2011"]
[Source "ChessBase"]
[SourceDate "2010.11.26"]
[SourceVersion "1"]
[SourceVersionDate "2010.11.26"]
[SourceQuality "1"]
[WhiteTeam "Cifer"]
[BlackTeam "Holic"]
[WhiteTeamCountry "SVK"]
[BlackTeamCountry "SVK"]

1. Nf3 d5 2. d4 Nf6 3. g3 e6 4. Bg2 c5 5. 0-0 Nc6 6. b3 cxd4 7. Nxd4 Bc5 8. Bb2 0-0 9. Nxc6 bxc6 10. Nd2 Ba6 11. c4 Rc8 12. Qc2 Re8 13. a3 e5 14. b4 Bd4 15. Rac1 Bxb2 16. Qxb2 e4 17. e3 Rb8 18. Rfd1 Qb6 19. Qc3 Red8 20. Bf1 d4 21. exd4 Qxd4 22. Qxd4 Rxd4 23. Nb3 Rxd1 24. Rxd1 Re8 25. Rd6 Re6 26. Rxe6 fxe6 27. Nd4 Bb7 28. Nxe6 Bc8 29. Nc5 Kf8 30. Bg2 Bf5 31. f3 exf3 32. Bxf3 Bd7 33. Nxd7+ Nxd7 34. Bxc6 Nb6 35. Bb5 Ke7 36. Kf2 Nc8 37. c5 Ke6 38. Ke3 Kd5 39. Kd3 a5 40. Ba6 Ne7 41. Bb7+ Ke5 42. bxa5 1-0

[Event "SVK-chT3A2 0910"]
[Site "Slovakia"]
[Date "2010.03.14"]
[Round "10.1"]
[White "Kapusta, Petr"]
[Black "Cechovic, Stefan"]
[Result "0-1"]
[WhiteElo "2126"]
[BlackElo "2181"]
[PlyCount "82"]
[EventDate "2009.10.18"]
[EventType "team-tourn"]
[EventRounds "11"]
[EventCountry "SVK"]
[SourceTitle "EXT 2011"]
[Source "ChessBase"]
[SourceDate "2010.11.26"]
[SourceVersion "1"]
[SourceVersionDate "2010.11.26"]
[SourceQuality "1"]
[WhiteTeam "Skalica"]
[BlackTeam "Cifer"]
[WhiteTeamCountry "SVK"]
[BlackTeamCountry "SVK"]

1. e4 e5 2. Nf3 Nf6 3. Nxe5 d6 4. Nf3 Nxe4 5. d4 d5 6. Bd3 Be7 7. 0-0 Nc6 8. c4 Nf6 9. Nc3 0-0 10. Re1 Bg4 11. cxd5 Nxd5 12. Nxd5 Qxd5 13. Be4 Qd6 14. Qd3 Bxf3 15. Qxf3 Nxd4 16. Bxh7+ Kxh7 17. Qe4+ Kg8 18. Bf4 Qb6 19. Qxe7 Nc2 20. Bxc7 Qg6 21. g3 Nxa1 22. Rxa1 Rfe8 23. Qb4 Qc6 24. Bf4 Re4 25. Qd2 Rc8 26. Be3 a6 27. b3 Re7 28. a4 Rd7 29. Qb2 Qe4 30. Rc1 Rxc1+ 31. Qxc1 Rd3 32. b4 Rb3 33. Qc8+ Kh7 34. Bc1 Rb1 35. f3 Qe3+ 36. Kg2 Rxc1 37. Qf5+ Kg8 38. b5 Qe2+ 39. Kh3 Rc4 40. g4 axb5 41. axb5 Rc2 0-1

[Event "SVK-chT3A2 0910"]
[Site "Slovakia"]
[Date "2010.02.14"]
[Round "8.2"]
[White "Cechovic, Stefan"]
[Black "Kosar, Mikulas"]
[Result "1-0"]
[WhiteElo "2181"]
[BlackElo "1876"]
[PlyCount "97"]
[EventDate "2009.10.18"]
[EventType "team-tourn"]
[EventRounds "11"]
[EventCountry "SVK"]
[SourceTitle "EXT 2011"]
[Source "ChessBase"]
[SourceDate "2010.11.26"]
[SourceVersion "1"]
[SourceVersionDate "2010.11.26"]
[SourceQuality "1"]
[WhiteTeam "Cifer"]
[BlackTeam "Potonska Veza"]
[WhiteTeamCountry "SVK"]
[BlackTeamCountry "SVK"]

1. Nf3 d5 2. d4 Nc6 3. g3 Nf6 4. Bg2 g6 5. 0-0 Bg7 6. Ne5 0-0 7. Nxc6 bxc6 8. c3 a5 9. Nd2 Re8 10. Nf3 Nd7 11. Re1 Nb6 12. Ne5 Bxe5 13. dxe5 e6 14. h4 f5 15. exf6 Qxf6 16. e4 Rf8 17. Qc2 Ba6 18. Be3 Nc4 19. Bd4 Qf7 20. b3 Na3 21. Qd2 Nb5 22. Be5 Rfe8 23. Rad1 Nd6 24. Qg5 Nxe4 25. Rxe4 dxe4 26. Bxe4 Be2 27. Re1 Bf3 28. Bd4 e5 29. Bxf3 exd4 30. Rxe8+ Qxe8 31. cxd4 Qe1+ 32. Kg2 Rf8 33. h5 Qe8 34. Qxa5 Qf7 35. Qc3 g5 36. Qxc6 Qf6 37. Qxf6 Rxf6 38. Bd5+ Kf8 39. Bc4 h6 40. a4 Ke7 41. a5 c6 42. a6 Rd6 43. d5 Rd8 44. dxc6 Kd6 45. f4 gxf4 46. gxf4 Kxc6 47. Kf3 Kb6 48. f5 Kc5 49. f6 1-0

[Event "SVK-chT3A2 0910"]
[Site "Slovakia"]
[Date "2010.01.31"]
[Round "7.2"]
[White "Mihalik, Marek"]
[Black "Cechovic, Stefan"]
[Result "1/2-1/2"]
[WhiteElo "2090"]
[BlackElo "2181"]
[PlyCount "40"]
[EventDate "2009.10.18"]
[EventType "team-tourn"]
[EventRounds "11"]
[EventCountry "SVK"]
[SourceTitle "EXT 2011"]
[Source "ChessBase"]
[SourceDate "2010.11.26"]
[SourceVersion "1"]
[SourceVersionDate "2010.11.26"]
[SourceQuality "1"]
[WhiteTeam "Piestany Kupele II"]
[BlackTeam "Cifer"]
[WhiteTeamCountry "SVK"]
[BlackTeamCountry "SVK"]

1. d4 d5 2. c4 e6 3. Nc3 Nf6 4. Bg5 Be7 5. e3 0-0 6. Nf3 Nbd7 7. Rc1 c6 8. a3 b6 9. cxd5 exd5 10. Bd3 Bb7 11. 0-0 Ne4 12. Bxe7 Qxe7 13. Qe2 a5 14. Nd2 Nxc3 15. Rxc3 c5 16. Rfc1 c4 17. Bf5 b5 18. e4 g6 19. Bxd7 Qxd7 20. e5 Kg7 1/2-1/2

[Event "SVK-chT2A 0910"]
[Site "Slovakia"]
[Date "2009.11.07"]
[Round "3.1"]
[White "Cechovic, Stefan"]
[Black "Polacik, Igor"]
[Result "1/2-1/2"]
[WhiteElo "2181"]
[BlackElo "2186"]
[PlyCount "23"]
[EventDate "2009.10.10"]
[EventType "team-tourn"]
[EventRounds "11"]
[EventCountry "SVK"]
[SourceTitle "EXT 2011"]
[Source "ChessBase"]
[SourceDate "2010.11.26"]
[SourceVersion "1"]
[SourceVersionDate "2010.11.26"]
[SourceQuality "1"]
[WhiteTeam "Trnava Modranka"]
[BlackTeam "Bratislava Doprastav III"]
[WhiteTeamCountry "SVK"]
[BlackTeamCountry "SVK"]

1. Nf3 Nf6 2. c4 e6 3. g3 b6 4. Bg2 Bb7 5. d4 Bb4+ 6. Bd2 Be7 7. Nc3 d5 8. 0-0 0-0 9. cxd5 exd5 10. Rc1 Nbd7 11. Bg5 Ne4 12. Bxe7 1/2-1/2

[Event "SVK-chT3A2 0910"]
[Site "Slovakia"]
[Date "2009.10.18"]
[Round "1.1"]
[White "Cechovic, Stefan"]
[Black "Ambros, Rafael"]
[Result "1-0"]
[WhiteElo "2181"]
[BlackElo "2052"]
[PlyCount "39"]
[EventDate "2009.10.18"]
[EventType "team-tourn"]
[EventRounds "11"]
[EventCountry "SVK"]
[SourceTitle "EXT 2011"]
[Source "ChessBase"]
[SourceDate "2010.11.26"]
[SourceVersion "1"]
[SourceVersionDate "2010.11.26"]
[SourceQuality "1"]
[WhiteTeam "Cifer"]
[BlackTeam "Gbely"]
[WhiteTeamCountry "SVK"]
[BlackTeamCountry "SVK"]

1. Nf3 c5 2. c4 Nf6 3. d4 cxd4 4. Nxd4 g6 5. Nc3 Bg7 6. e4 d6 7. Be2 0-0 8. 0-0 Nc6 9. Rb1 Nxe4 10. Nxc6 Nxc3 11. Nxe7+ Qxe7 12. bxc3 Bxc3 13. Bf3 Rb8 14. Rb5 Be5 15. Ba3 Qc7 16. Rxe5 dxe5 17. Bd6 Qxc4 18. Bxf8 e4 19. Qd6 exf3 20. Bh6 1-0